<?xml version="1.0" encoding="UTF-8"?>
<record
    xmlns:xsi="http://www.w3.org/2001/XMLSchema-instance"
    xsi:schemaLocation="http://www.loc.gov/MARC21/slim http://www.loc.gov/standards/marcxml/schema/MARC21slim.xsd"
    xmlns="http://www.loc.gov/MARC21/slim">

  <leader>00809cam a2200301ua 4500</leader>
  <datafield tag="020" ind1=" " ind2=" ">
    <subfield code="a">0-07-460443-0</subfield>
    <subfield code="c">90.00</subfield>
  </datafield>
  <datafield tag="041" ind1=" " ind2=" ">
    <subfield code="a">eng</subfield>
    <subfield code="h"></subfield>
  </datafield>
  <datafield tag="082" ind1=" " ind2=" ">
    <subfield code="a">519</subfield>
    <subfield code="b">BHA/AP</subfield>
  </datafield>
  <datafield tag="100" ind1=" " ind2=" ">
    <subfield code="a">Raghavendra, Bhat N .</subfield>
  </datafield>
  <datafield tag="245" ind1=" " ind2=" ">
    <subfield code="a">Applied mathematics / </subfield>
    <subfield code="c">Raghavendra Bhat N.</subfield>
    <subfield code="h">Textual Documents</subfield>
  </datafield>
  <datafield tag="250" ind1=" " ind2=" ">
    <subfield code="a">1 / </subfield>
    <subfield code="b">.</subfield>
  </datafield>
  <datafield tag="260" ind1=" " ind2=" ">
    <subfield code="a">New Delhi : </subfield>
    <subfield code="b">Tata Mc-Graw Hill Publishing Company , </subfield>
    <subfield code="c">1993.</subfield>
  </datafield>
  <datafield tag="300" ind1=" " ind2=" ">
    <subfield code="a">531 ; .</subfield>
  </datafield>
  <datafield tag="365" ind1=" " ind2=" ">
    <subfield code="a">90.00</subfield>
  </datafield>
  <datafield tag="440" ind1="0" ind2=" ">
    <subfield code="a">Technical education series, </subfield>
    <subfield code="v"></subfield>
    <subfield code="x">;</subfield>
  </datafield>
  <datafield tag="490" ind1="0" ind2=" ">
    <subfield code="a">Technical education series, </subfield>
    <subfield code="v"></subfield>
    <subfield code="x">;</subfield>
  </datafield>
  <datafield tag="500" ind1=" " ind2=" ">
    <subfield code="a">19172, 19173, CSS</subfield>
  </datafield>
  <datafield tag="504" ind1=" " ind2=" ">
    <subfield code="a"></subfield>
  </datafield>
  <datafield tag="700" ind1="1" ind2=" ">
    <subfield code="a">Mohan Singh, R   .</subfield>
  </datafield>
  <datafield tag="942" ind1=" " ind2=" ">
    <subfield code="c">BK</subfield>
  </datafield>
  <datafield tag="999" ind1=" " ind2=" ">
    <subfield code="c">337336</subfield>
    <subfield code="d">337336</subfield>
  </datafield>
  <datafield tag="952" ind1=" " ind2=" ">
    <subfield code="0">0</subfield>
    <subfield code="1">0</subfield>
    <subfield code="4">0</subfield>
    <subfield code="7">0</subfield>
    <subfield code="a">KAUAET</subfield>
    <subfield code="b">KAUAET</subfield>
    <subfield code="c">CSS</subfield>
    <subfield code="d">2012-04-07</subfield>
    <subfield code="l">0</subfield>
    <subfield code="o">510.1 BHA/AP</subfield>
    <subfield code="p">KAU_KCAEFT-19173</subfield>
    <subfield code="r">2025-09-03 00:00:00</subfield>
    <subfield code="w">2025-09-03</subfield>
    <subfield code="y">BBS</subfield>
  </datafield>
  <datafield tag="952" ind1=" " ind2=" ">
    <subfield code="0">0</subfield>
    <subfield code="1">0</subfield>
    <subfield code="4">0</subfield>
    <subfield code="7">0</subfield>
    <subfield code="a">KAUAET</subfield>
    <subfield code="b">KAUAET</subfield>
    <subfield code="d">2012-04-07</subfield>
    <subfield code="l">0</subfield>
    <subfield code="o">510.1 BHA/AP</subfield>
    <subfield code="p">KAU_KCAEFT-19205</subfield>
    <subfield code="r">2025-09-03 00:00:00</subfield>
    <subfield code="w">2025-09-03</subfield>
    <subfield code="y">BK</subfield>
  </datafield>
  <datafield tag="952" ind1=" " ind2=" ">
    <subfield code="0">0</subfield>
    <subfield code="1">0</subfield>
    <subfield code="4">0</subfield>
    <subfield code="7">0</subfield>
    <subfield code="a">KAUAET</subfield>
    <subfield code="b">KAUAET</subfield>
    <subfield code="d">2012-04-07</subfield>
    <subfield code="l">0</subfield>
    <subfield code="o">510.1 BHA/AP</subfield>
    <subfield code="p">KAU_KCAEFT-19204</subfield>
    <subfield code="r">2025-09-03 00:00:00</subfield>
    <subfield code="w">2025-09-03</subfield>
    <subfield code="y">BK</subfield>
  </datafield>
  <datafield tag="952" ind1=" " ind2=" ">
    <subfield code="0">0</subfield>
    <subfield code="1">0</subfield>
    <subfield code="4">0</subfield>
    <subfield code="7">0</subfield>
    <subfield code="a">KAUAET</subfield>
    <subfield code="b">KAUAET</subfield>
    <subfield code="c">CSS</subfield>
    <subfield code="d">2012-04-07</subfield>
    <subfield code="l">0</subfield>
    <subfield code="o">510.1 BHA/AP</subfield>
    <subfield code="p">KAU_KCAEFT-19175</subfield>
    <subfield code="r">2025-09-03 00:00:00</subfield>
    <subfield code="w">2025-09-03</subfield>
    <subfield code="y">BBS</subfield>
  </datafield>
  <datafield tag="952" ind1=" " ind2=" ">
    <subfield code="0">0</subfield>
    <subfield code="1">0</subfield>
    <subfield code="4">0</subfield>
    <subfield code="7">0</subfield>
    <subfield code="a">KAUAET</subfield>
    <subfield code="b">KAUAET</subfield>
    <subfield code="c">CSS</subfield>
    <subfield code="d">2012-04-07</subfield>
    <subfield code="l">0</subfield>
    <subfield code="o">510.1 BHA/AP</subfield>
    <subfield code="p">KAU_KCAEFT-19174</subfield>
    <subfield code="r">2025-09-03 00:00:00</subfield>
    <subfield code="w">2025-09-03</subfield>
    <subfield code="y">BBS</subfield>
  </datafield>
  <datafield tag="952" ind1=" " ind2=" ">
    <subfield code="0">0</subfield>
    <subfield code="1">0</subfield>
    <subfield code="4">0</subfield>
    <subfield code="7">0</subfield>
    <subfield code="a">KAUAET</subfield>
    <subfield code="b">KAUAET</subfield>
    <subfield code="c">CSS</subfield>
    <subfield code="d">2012-04-07</subfield>
    <subfield code="l">0</subfield>
    <subfield code="o">510.1 BHA/AP</subfield>
    <subfield code="p">KAU_KCAEFT-19172</subfield>
    <subfield code="r">2025-09-03 00:00:00</subfield>
    <subfield code="w">2025-09-03</subfield>
    <subfield code="y">BBS</subfield>
  </datafield>
  <datafield tag="952" ind1=" " ind2=" ">
    <subfield code="0">0</subfield>
    <subfield code="1">0</subfield>
    <subfield code="4">0</subfield>
    <subfield code="7">0</subfield>
    <subfield code="a">KAUAET</subfield>
    <subfield code="b">KAUAET</subfield>
    <subfield code="d">2012-04-07</subfield>
    <subfield code="l">0</subfield>
    <subfield code="o">510.1 BHA/AP</subfield>
    <subfield code="p">KAU_KCAEFT-19967</subfield>
    <subfield code="r">2025-09-03 00:00:00</subfield>
    <subfield code="w">2025-09-03</subfield>
    <subfield code="y">BK</subfield>
  </datafield>
</record>
